Club Serie A Player of the Month - Statistics

Statistiche generali
  • Questo quiz è stato fatto 27 volte
    19 dall'ultimo reset
  • Il punteggio medio è 11 su 13
Statistiche sulle risposte
Numero titoli Numero calciatori Squadra % Corretto
5 3 Atalanta
100%
2 2 Fiorentina
100%
5 5 Inter
100%
5 4 Juventus
100%
4 3 Lazio
100%
7 4 Milan
100%
8 4 Napoli
100%
3 1 Roma
100%
1 1 Bologna
86%
1 1 Hellas Verona
50%
1 1 Sassuolo
50%
1 1 Cagliari
43%
1 1 Salernitana
36%
Nessun quiz corrispondente trovato
Distribuzione punteggi
Percentuale di utenti per punteggio
Percentile per numero di risposta
I tuoi punteggi nel tempo
Non hai fatto questo quiz dall'ultimo reset